| 000 | 00987cam a2200313 i 4500 | ||
|---|---|---|---|
| 001 | 200459274 | ||
| 999 |
_c200459274 _d77486 |
||
| 003 | TR-AnTOB | ||
| 005 | 20240904074058.0 | ||
| 007 | ta | ||
| 008 | 231214s2023 tu 000 0 tur d | ||
| 020 | _a9786254325120 | ||
| 040 |
_aIUcIU _beng _erda _cTR-AnTOB _dTR-AnTOB |
||
| 041 | 0 | _atur | |
| 050 | 4 |
_aKKX1052 _b.T6733 2023 |
|
| 090 |
_aKKX1052 _b.T6733 2023 |
||
| 100 | 1 |
_aTopcan, Utku _eauthor _9112091 |
|
| 245 | 1 | 0 |
_aAnonim şirket pay sahiplerinin vazgeçilemez nitelikteki hakları ve bu hakların ihlalinin hukuki neticeleri / _cDr. Utku Topcan. |
| 250 | _a1. Baskı | ||
| 264 | 1 |
_aİstanbul : _bOn İki Levha, _c2023. |
|
| 300 |
_axx, 271 pages ; _c24 cm |
||
| 336 |
_atext _btxt _2rdacontent |
||
| 337 |
_aunmediated _bn _2rdamedia |
||
| 338 |
_avolume _bnc _2rdacarrier |
||
| 490 | 0 |
_aOn İki Levha Yayınları ; _v2262 |
|
| 504 | _aBIB | ||
| 650 | 7 |
_aŞirketler hukuku _zTürkiye _2etuturkob _9107934 |
|
| 942 |
_2lcc _cBK |
||